| 000 | 01451nam a2200361 a 4500 | ||
|---|---|---|---|
| 999 |
_c3342 _d3342 |
||
| 003 | AKMAL | ||
| 005 | 20170522120237.0 | ||
| 008 | 170522t2001 tnu e 000 0 eng d | ||
| 020 |
_a9780785265580 (pbk.) : _cRM32.90 |
||
| 020 | _a0785274340 | ||
| 040 | _aAKMAL | ||
| 082 | 0 | 4 |
_a658.4022 MAX _222 |
| 090 | 2 | 0 |
_a658.4022 _bMAX |
| 100 | 1 |
_aMaxwell, John C., _d1947- _91292 |
|
| 245 | 1 | 4 |
_aThe 17 indisputable laws of teamwork : _bembrace them and empower your team / _cJohn C. Maxwell |
| 246 | 3 | _aThe seventeen indisputable laws of teamwork | |
| 260 |
_aTennessee : _bThomas Nelson, _cc2001 |
||
| 300 |
_axii, 265p. ; _c22cm. |
||
| 650 | 1 | 0 |
_aTeam in the workplace _96781 |
| 942 |
_2ddc _cBOOK |
||